Statistics for Songs by Black Pink

Click here to take the quiz!

General Stats

  • This quiz has been taken 57 times
  • The average score is 5 of 5

Answer Stats

Released Song % Correct
November 2016Playing With Fire
98%
August 2016Whistle
92%
June 2017As If It's Your Last
90%
August 2016Boombayah
88%
November 2016Stay
87%

Score Distribution

Percentile by Number Answered

Percent of People with Each Score

Your Score History

You have not taken this quiz